00579nam a2200169 i 450000100060000000300090000600500170001500700030003200800410003510000220007624501160009826000540021430000320026860000500030071000360035085200230038635831ES-MaACL20250817125434.0t|030214s1974 ec ||||1| spa d1 aBracht, Fernando.13aEl misterio de las Meninas : bhomenaje al pintor Diego Velázquez en el Día de la Raza / cFernando Bracht. aQuito : bCasa de la Cultura Ecuatoriana, c1974. a31 p., 10 lám. ; c18 cm.14aVelázquez, Diego, d1599-1660.tLas Meninas2 aCasa de la Cultura Ecuatoriana. aES-MaACLj2097-F-2